Grigori Kozintsev /

Bibliographic Details
Main Author: Leaming, Barbara
Format: Book
Language:English
Published: Boston : Twayne Publishers, 1980.
Series:Twayne's theatrical arts series.
Subjects:

MARC

Tag First Indicator Second Indicator Subfields
LEADER 00000pam a2200000 a 4500
001 in00000075780
005 20200808063142.0
008 800401s1980 maua bc 00110 engm
010 |a  80014128  
020 |a 0805792767 
035 |a (OCoLC)06223263 
035 |9 AAJ1882AM 
040 |a DLC  |c DLC  |d m.c.  |d TXA  |d UtOrBLW 
049 |a TXAM  |c [1361465] 
050 0 0 |a PN1998.A3  |b K686 
082 0 |a 791.43/0233/0924 
100 1 |a Leaming, Barbara. 
245 1 0 |a Grigori Kozintsev /  |c Barbara Leaming. 
264 1 |a Boston :  |b Twayne Publishers,  |c 1980. 
300 |a 154 pages :  |b illustrations ;  |c 21 cm. 
336 |a text  |b txt  |2 rdacontent 
337 |a unmediated  |b n  |2 rdamedia 
338 |a volume  |b nc  |2 rdacarrier 
490 1 |a Twayne's theatrical arts series 
500 |a Includes index. 
504 |a Bibliography: pages 145-146. 
504 |a Filmography: pages 147-152. 
600 1 0 |a Kozint︠s︡ev, Grigoriĭ. 
830 0 |a Twayne's theatrical arts series. 
999 |a MARS 
999 f f |s c5b2f4ec-62fc-37fd-be25-652b6b58006f  |i 796c3f31-6863-3d17-8cc1-52e212015e1d  |t 0 
952 f f |p ric  |a Texas A&M University  |b Rellis Campus  |c Joint Library Facility  |d Remote Storage  |t 0  |e PN1998.A3 K686  |h Library of Congress classification  |i unmediated -- volume  |m A14806178256 
998 f f |a PN1998.A3 K686  |t 0  |l Remote Storage